Guess the Taylor Swift song by Emojis - Statistics

General Stats
  • This quiz has been taken 131 times
  • The average score is 6 of 11
Answer Stats
Emojis Answer % Correct
πŸ‡¬πŸ‡§πŸ‘¦ London Boy
87%
πŸ‘‘β€οΈ King of My Heart
86%
😭🎸 Teardrops on My Guitar
86%
πŸͺ»πŸŒ«οΈ Lavender Haze
81%
πŸ«₯🧡 Invisible String
67%
πŸ‘» Haunted
46%
πŸ‘¦β›“οΈβ€πŸ’₯😍🧸 My Boy Only Breaks His Favorite Toys
42%
πŸ‘¨πŸ‘ŒπŸ™‚ Mr. Perfectly Fine
33%
πŸ₯‡πŸƒβ€β™€οΈ Gold Rush
31%
πŸ“πŸ“₯🍾 Message in a Bottle
27%
πŸ˜±πŸ’€ Wildest Dreams
25%
No matching quizzes found
Score Distribution
Percent of People with Each Score
Percentile by Number Answered
Your Score History
You have not taken this quiz